| 000 | 00517 a2200205 4500 | ||
|---|---|---|---|
| 005 | 20260116153938.0 | ||
| 008 | 260114b |||||||| |||| 00| 0 eng d | ||
| 020 |
_a9781452259000 _c$ 116.00 |
||
| 040 | _aMAIN | ||
| 082 |
_a300.723 _bF829S |
||
| 100 | _aFowler, Floyd J | ||
| 245 | _aSurvey research methods | ||
| 250 | _a5th | ||
| 260 |
_bSage Publications _aLondon _c2014 |
||
| 300 | _axi, 171 | ||
| 650 | _aSocial Science | ||
| 650 | _aResearch Methods | ||
| 650 | _aSurveys Research | ||
| 942 | _cBK | ||
| 999 |
_c393310 _d393310 |
||